Independent Media in a Time of War (Record no. 333534)
[ view plain ]
| 000 -LEADER | |
|---|---|
| fixed length control field | 00550nam a2200097Ia 4500 |
| 008 - FIXED-LENGTH DATA ELEMENTS--GENERAL INFORMATION | |
| fixed length control field | 170517s9999 xx 000 0 und d |
| 245 ## - TITLE STATEMENT | |
| Title | Independent Media in a Time of War |
| 300 ## - PHYSICAL DESCRIPTION | |
| Extent | Part scathing critique, part call to action, Independent Media In A Time Of War is a hard-hitting new documentary by the Hudson Mohawk Independent Media Center. This film is composed of a speech given by Amy Goodman, host of Democracy Now! illustrated by clips of... |
| 650 ## - SUBJECT ADDED ENTRY--TOPICAL TERM | |
| General subdivision | Media. |
| 856 ## - ELECTRONIC LOCATION AND ACCESS | |
| Uniform Resource Identifier | <a href="http://topdocumentaryfilms.com/independent-media-in-a-time-of-war/">http://topdocumentaryfilms.com/independent-media-in-a-time-of-war/</a> |
| Withdrawn status | Lost status | Damaged status | Home library | Current library | Date acquired | Total Checkouts | Date last seen | Price effective from | Koha item type |
|---|---|---|---|---|---|---|---|---|---|
| College Library | College Library | 05/17/2017 | 05/17/2017 | 05/17/2017 | Documentary Films |